<?xml version="1.0" encoding="UTF-8"?>
<record
    xmlns:xsi="http://www.w3.org/2001/XMLSchema-instance"
    xsi:schemaLocation="http://www.loc.gov/MARC21/slim http://www.loc.gov/standards/marcxml/schema/MARC21slim.xsd"
    xmlns="http://www.loc.gov/MARC21/slim">

  <leader>01073nam a2200241Ia 4500</leader>
  <datafield tag="999" ind1=" " ind2=" ">
    <subfield code="c">4060</subfield>
    <subfield code="d">4060</subfield>
  </datafield>
  <controlfield tag="003">OSt</controlfield>
  <controlfield tag="005">20200609150722.0</controlfield>
  <controlfield tag="008">191128s1999    ck a   gr     000 j spa d</controlfield>
  <datafield tag="020" ind1=" " ind2=" ">
    <subfield code="a">9580423784</subfield>
  </datafield>
  <datafield tag="040" ind1=" " ind2=" ">
    <subfield code="a">CO-JMCR</subfield>
    <subfield code="c">CO-JMCR</subfield>
  </datafield>
  <datafield tag="041" ind1=" " ind2=" ">
    <subfield code="a">spa</subfield>
  </datafield>
  <datafield tag="082" ind1="0" ind2="4">
    <subfield code="a">C / </subfield>
    <subfield code="b">WILc</subfield>
  </datafield>
  <datafield tag="100" ind1="1" ind2=" ">
    <subfield code="a">Wilde, Oscar, </subfield>
    <subfield code="d">1854-1900</subfield>
    <subfield code="e">autor</subfield>
    <subfield code="9">5266</subfield>
  </datafield>
  <datafield tag="245" ind1="1" ind2="0">
    <subfield code="a">Cuentos de Oscar Wilde / </subfield>
    <subfield code="b">traducci&#xF3;n Mar&#xED;a del Mar Ravassa ; ilustraciones Patricia Rodr&#xED;guez</subfield>
  </datafield>
  <datafield tag="260" ind1=" " ind2=" ">
    <subfield code="a">Bogot&#xE1; : </subfield>
    <subfield code="b">Norma, </subfield>
    <subfield code="c">1999</subfield>
  </datafield>
  <datafield tag="300" ind1=" " ind2=" ">
    <subfield code="a">126 p&#xE1;ginas : </subfield>
    <subfield code="b">ilustraciones en blanco y negro ;</subfield>
    <subfield code="c"> 19 cm.</subfield>
  </datafield>
  <datafield tag="490" ind1=" " ind2=" ">
    <subfield code="a">Torre de papel. Torre amarilla</subfield>
  </datafield>
  <datafield tag="500" ind1=" " ind2=" ">
    <subfield code="a">Recomendado a partir de 11 a&#xF1;os.</subfield>
  </datafield>
  <datafield tag="505" ind1=" " ind2=" ">
    <subfield code="a">El ruise&#xF1;or y la rosa -- El pr&#xED;ncipe feliz -- El cohete extraordinario -- El joven rey -- El amigo fiel -- El gigante ego&#xED;sta</subfield>
  </datafield>
  <datafield tag="520" ind1=" " ind2=" ">
    <subfield code="a">En estos relatos se evidencia un rechazo a falsos valores como el egreimiento, el poder y la figuraci&#xF3;n social. En cambio, se exaltan la modestia, el trabajo, la sensibilidad social y el verdadero amor.</subfield>
  </datafield>
  <datafield tag="650" ind1="1" ind2="4">
    <subfield code="a">Literatura infantil</subfield>
    <subfield code="9">5267</subfield>
  </datafield>
  <datafield tag="942" ind1=" " ind2=" ">
    <subfield code="2">ddc</subfield>
    <subfield code="c">BK</subfield>
  </datafield>
  <datafield tag="952" ind1=" " ind2=" ">
    <subfield code="0">0</subfield>
    <subfield code="1">0</subfield>
    <subfield code="2">ddc</subfield>
    <subfield code="4">0</subfield>
    <subfield code="7">0</subfield>
    <subfield code="8">FIC</subfield>
    <subfield code="a">CPL</subfield>
    <subfield code="b">CPL</subfield>
    <subfield code="d">2019-11-28</subfield>
    <subfield code="e">Donaci&#xF3;n</subfield>
    <subfield code="g">0.00</subfield>
    <subfield code="l">9</subfield>
    <subfield code="o">C / WILc </subfield>
    <subfield code="p">201808857</subfield>
    <subfield code="r">2026-02-11 16:29:49</subfield>
    <subfield code="s">2026-02-11</subfield>
    <subfield code="t">Ej.1</subfield>
    <subfield code="y">BK</subfield>
  </datafield>
</record>
